000 02893nam0a2200481 4500
001 RU\NLR\bibl\1386359
005 20260405204729.0
010 _a978-5-7677-1239-7
_9300
021 _aRU
_b2009-34379
_92072
035 _a(nilc)RSL-KNO-004323615
035 _aEL/0000271208
035 _a(NLR Aleph) 001378423
090 _a1086444
_c1086444
100 _a20090416d2008 |||y0rusy50 ca
101 0 _arus
102 _aRU
105 _ay |||||||||
200 1 _aТеория переходной экономики
_eучебное пособие
_e[для студентов экономических вузов]
_fМ. Ю. Григорьев, Н. В. Григорьева, О. А. Кириллов
_gМ-во образования и науки Российской Федерации, Федеральное агентство по образованию, Гос. образовательное учреждение высш. проф. образования "Чувашский гос. ун-т им. И. Н. Ульянова"
210 _aЧебоксары
_cИзд-во Чувашского университета
_d2008
_eЧебоксары
_gТип. Изд-ва Чувашского ун-та
215 _a214 с.
_d20
320 _aБиблиогр.: с. 211-212
606 1 _aТранзитивная экономика
_jУчебные издания для высших учебных заведений
_xТеория
_92601818
_3RU\NLR\auth\661538376
606 1 _aТранзитивная экономика
_jУчебные издания для высших учебных заведений
_xРоль государства
_yРоссийская Федерация
_92437307
_3RU\NLR\auth\661450246
610 2 _aЭкономика -- Экономическая теория -- Постсоциалистическая экономика
610 2 _aЭкономика -- Российская Федерация
610 2 _aпереходная экономика
686 _aУ018.7,0
_2rubbk
686 _aУ9(2)0,0
_2rubbk
686 _a65.01,38;я73
_vLBC/RL
_2rubbk
686 _aУ010.3я73
686 _aУ9(2)-17(2Р)я73
700 1 _4070
_8rus
_7ca
_aГригорьев
_bМ. Ю.
_cканд. экон. наук
_f1971-
_gМихаил Юрьевич
_3RU\NLR\auth\7791999
_974926
701 1 _4070
_8rus
_7ca
_aГригорьева
_bН. В.
_cэкономист
_gНаталия Владимировна
_3RU\NLR\auth\7792017
_974944
701 1 _4070
_8rus
_7ca
_aКириллов
_bО. А.
_cканд. экон. наук
_f1962 -
_gОлег Александрович
_3RU\NLR\auth\7792022
_974949
801 0 _aRU
_bРГБ
_c20090416
_grcr
801 1 _aRU
_bРГБ
_c20090416
801 2 _aRU
_bНБР Чувашия
_c20090529
_2rusmarc
801 2 _aRU
_bNLR
_c20090624
_grcr
830 _aпо кн
942 _cBOOK
980 _aNB
980 _aNBR